|
|
|
|
| LEADER |
01223nam a2200385 4500 |
| 001 |
000014044 |
| 005 |
20191004101918.0 |
| 008 |
191004s1861 xo e hun |
| FMT |
|
|
|
| 040 |
|
|
|a SVKKK
|b slo
|c SVKKK
|e AACR2
|
| 041 |
0 |
|
|a hun
|
| 044 |
|
|
|a xo
|c SK
|
| 080 |
|
|
|a 324
|
| 080 |
|
|
|a "1861"
|
| 130 |
0 |
|
|a Kassa város választóinak
|
| 245 |
1 |
0 |
|a Kassa város választóinak névsora 1861-dik évben
|
| 260 |
|
|
|a Kassán
|b Nyomatott Werfer Károlynál
|c (1861)
|
| 300 |
|
|
|a 4 s.
|c 39,5x25 cm
|
| 500 |
|
|
|a Verz. na 1 r., štvorstĺpcová tlač
|
| 508 |
|
|
|a Zoznam voličov v závere s textom "Kelt Kassán, Január 15. 1861. Gróf Dessewffy Ferencz, elnök."
|
| 561 |
|
|
|a Peč.: Štátna vedecká knižnica v Košiciach. Rkp.: Meskó
|
| 563 |
|
|
|a Neviaz., bez obálok
|
| 653 |
1 |
|
|a Košice
|
| 653 |
1 |
|
|a volebné zoznamy
|
| 653 |
1 |
|
|a 1861
|
| 700 |
1 |
|
|a Dessewffy, František
|d 1798-1868
|4 oth
|
| 710 |
0 |
|
|a Werfer, Karol III,
|c Košice,
|d 1859-1910
|4 prt
|
| 752 |
|
|
|a Slovensko
|d Košice
|
| 852 |
|
|
|p IV.70260
|
| 904 |
|
|
|a y---y----la------yyyb-0000--
|
| 905 |
|
|
|a h--z0zb-
|5 -------
|
| 910 |
|
|
|a svkkk
|
| 997 |
|
|
|a Dessewffy, Ferencz p. Dessewffy, František
|4 oth
|
| 998 |
|
|
|a KASSA
|
| BAS |
|
|
|